| 000 | 00784nas a2200241 i 4500 | ||
|---|---|---|---|
| 001 | 1681 | ||
| 003 | ES-MaACL | ||
| 005 | 20250815062531.0 | ||
| 008 | 950801d18791892xxk | | 1 ||ng d | ||
| 080 | _a06 | ||
| 245 | 0 | 0 | _aProceedings of the Royal Geographical Society and monthly record of geography. |
| 260 |
_aLondon : _bThe Royal Geographical Society, _c1879-1892. |
||
| 300 |
_a3 v. : _bil. ; _c24 cm. |
||
| 310 | _aMensual | ||
| 362 | 0 | _avol. 1, nº. 1 (Enero 1879)-vol. 14, nº. 12 (Diciembre 1892) | |
| 650 | 1 | 7 |
_aGeografía _2embne _913070 |
| 650 | 4 |
_aInstituciones científicas y diversas _913829 |
|
| 710 | 2 |
_aRoyal Geographical Society. _96466 |
|
| 785 | 0 | 0 | _aThe Geographical Journal |
| 852 |
_aES-MaACL _jHem-390 bis |
||
| 866 | 0 | _o1890-92 | |
| 999 |
_c1681 _d1681 |
||